000
00397nam a22001577a 4500
003
MPLRDC
005
20220104123933.0
008
210129b ||||| |||| 00| 0 eng d
082
_a
592.91 QCS
100
_a
祁长松、谭京生、李雄著
245
_a
外国古代战例选
_c
260
_a
_b
山西人民出版社
_c
300
_b
平
650
_a
古代战史
942
_c
BK
_o
592.91 QCS
999
_c
15366
_d
15356